PHP Programming with MySQL

Bibliographic Details
Main Authors: Gosselin, Don (Author), Easterbrooks, Robert (Author), Kokoska, Diana (Author)
Format: Book
Language:English
Published: Australia : Course Technology Cengage Learning , c2011
Edition:2nd ed
Series:The web technologies series
Subjects:

MARC

LEADER 00000cam a2200000 7i4500
001 0000089708
005 20160811093000.0
008 160512s2011 at eng
020 |a 0538468149 
020 |a 9780538468145 
050 0 0 |a QA76.73.P224   |b G67 2011 
090 0 0 |a QA76.73.P224   |b G67 2011 
100 1 |a Gosselin, Don ,   |e author 
245 0 0 |a PHP Programming with MySQL   |c Don Gosselin, Diana Kokoska, Robert Easterbrooks 
250 |a 2nd ed 
260 |a Australia :   |b Course Technology Cengage Learning ,   |c c2011 
300 |a xx, 692 p. :   |b ill. ;   |c 23 cm. 
440 4 |a The web technologies series 
650 0 |a MySQL (Electronic resource) 
650 0 |a PHP (Computer program language) 
650 0 |a Web sites   |x Design 
700 1 |a Easterbrooks, Robert ,   |e author 
700 1 |a Kokoska, Diana ,   |e author 
999 |a 1000166120   |b Book   |c OPEN SHELF (30 DAYS)   |e Tembila Campus